Länder Nordwesteuropas - Statistiken

Allgemein
  • Dieses Quiz wurde 19 mal gespielt
  • Das Durchschnittsergebnis liegt bei 6 aus 8
Antwortstatistiken
Land % Korrekt
Irland
100%
Belgien
82%
Luxemburg
82%
Niederlande
82%
Frankreich
76%
Deutschland
71%
Grossbritannien
59%
Schweiz
41%
Keine übereinstimmenden Quizze gefunden
Verteilung der Resultate
Anzahl Personen mit jedem Resultat
Perzentil nach korrekt beantworteten Fragen
Ihre Resultats-Entwicklung
Sie haben dieses Quiz noch nicht gespielt